Oracle discoverer 10g handbook / (Record no. 7259)

MARC details
000 -LEADER
fixed length control field 01631cam a22002057a 4500
020 ## - INTERNATIONAL STANDARD BOOK NUMBER
ISBN 0072262141 (pbk.)
020 ## - INTERNATIONAL STANDARD BOOK NUMBER
ISBN 9780072262148
050 00 - CALL NUMBER
Classification number QA76.9.D3
Item number .Ar5
100 1# - AUTHOR
Personal name Armstrong-Smith, Michael.
245 10 - TITLE
Title Oracle discoverer 10g handbook /
Statement of responsibility, etc Michael Armstrong-Smith, Darlene Armstrong-Smith.
260 ## - PUBLICATION INFORMATION
Place of publication New York :
Name of publisher McGraw-Hill,
Year of publication c2006.
300 ## - DESCRIPTION
Number of Pages xxiv, 1027 p. :
Other physical details ill. ;
Dimensions 24 cm.
500 ## - NOTES
General note "Create, maintain, and administer effective ad hoc queries"--Cover.
500 ## - NOTES
General note Includes index.
505 ## - FORMATTED CONTENTS NOTE
Table of Content 1. An overview of Discoverer --<br/>2. Users and databases --<br/>3. Getting started in Discoverer --<br/>4. The Workbook Wizard : the essential steps --<br/>5. The Workbook Wizard : the optional steps --<br/>6. Formatting the output in Discoverer Desktop and Plus --<br/>7. Using graphs to present data --<br/>8. Turning a Discoverer query into a report --<br/>9. Using Discoverer to analyze data --<br/>10. Business Intelligence Discoverer Viewer 10g Release 2 (10.1.2) --<br/>11. Refining itetms, drilling, and hyper-drilling --<br/>12. Building effective conditions --<br/>13. Refining parameters, calculations, sorting, and percentages --<br/>14. Query managment --<br/>15. User preferences, the toolbar, and the Discoverer Administrator --<br/>16. Introducting Discoverer OLAP --<br/>17. Getting started in the administration edition --<br/>18. Editing the business area --<br/>19. Interacting with the end user --<br/>20. Configuring Discoverer --<br/>21. Setting up portal for use with Discoverer --<br/>22. Summary management --
650 #0 - SUBJECTS
Topical Term Relational databases.
650 #0 - SUBJECTS
Topical Term Database management.
700 1# - OTHER AUTHORS
Personal name Armstrong-Smith, Darlene.
942 ## - ADDED ENTRY ELEMENTS (KOHA)
Koha item type Books

No items available.

Copyright © 2026  MUG Library